|
|
|
แสดงรายละเอียดบรรณานุกรม |
|
|
Brief Record
: Get Marc (ISO 2709)
: E-mail record
: |
|
|
| LEADER 01174nam 2200277 a 4500 | |||
| 001 8114 | |||
| 003 ULIBM | |||
| 008 030417s2004 caua sb 001 0 eng | |||
| 020 ^a9749993179 | |||
| 082 ^a 793.74 ^b ธ-ล | |||
| 100 ^aธิดาสิริ ภัทรากาญจน์ | |||
| 245 ^aเลขจำนวน+2 และ 0 ถึง 32/^cธิดาสิริ ภัทรากาญจน์ | |||
| 250 ^aพิมพ์ครั้งที่2 | |||
| 260 ^aกรุงเทพฯ:^bศูนย์หนังสือแห่งจุฬาลงกรณ์มหาวิทยาลัย,^c2549 | |||
| 300 ^a 131 หน้า 90 บาท | |||
| 500 ^aคณิตศาสตร์นันทนาการ | |||
| 913 ^aImported by ULIBM Administrator | |||
| 949 ^aImport form external file by ULIBM system | |||
| คุณยังไม่ได้ล็อกอิน คุณสามารถมีกิจกรรมร่วมกับเว็บไซต์ได้ แต่ต้องล็อกอินก่อน :: |
|
| สถานะ | |||||||||
| 1. | หนังสือ | 793.74 ธ-ล 2004 Barcode: 072980 | ►หนังสือทั่วไป | On Shelf ขอยืม | |||||
| [แสดง 1/1 รายการ] | |||||||||

| รายการใกล้เคียง ผู้แต่ง [ธิดาสิริ ภัทรากาญจน์]
|
BibComment |
| คอมเมนท์ทรัพยากรรายการนี้ |
|
|
ห้องสมุดโรงเรียนสามัคคีวิทยาคม
159 ถ.บรรพปราการ ต.เวียง อ.เมือง จ.เชียงราย 57000
โทร. 053-711018 โทรสาร 053-713003